Digital techniques (Record no. 68350)

000 -LEADER
fixed length control field 00400nam a22001577a 4500
003 - CONTROL NUMBER IDENTIFIER
control field NUST - PNEC
005 - DATE AND TIME OF LATEST TRANSACTION
control field 20170116181050.0
008 - FIXED-LENGTH DATA ELEMENTS--GENERAL INFORMATION
fixed length control field 150929b xxu||||| |||| 00| 0 eng d
020 ## - INTERNATIONAL STANDARD BOOK NUMBER
International Standard Book Number -
040 ## - CATALOGING SOURCE
Transcribing agency LIBRARY
082 ## - DEWEY DECIMAL CLASSIFICATION NUMBER
Classification number 621.3819 SUD
100 ## - MAIN ENTRY--PERSONAL NAME
9 (RLIN) 11811
Personal name Sudweeks, R. W.
245 ## - TITLE STATEMENT
Title Digital techniques
Statement of responsibility, etc. R.W. Sudweeks
650 ## - SUBJECT ADDED ENTRY--TOPICAL TERM
9 (RLIN) 11812
Topical term or geographic name entry element Electronic digital computers
General subdivision MIS
942 ## - ADDED ENTRY ELEMENTS (KOHA)
Source of classification or shelving scheme
Koha item type Book
Holdings
Withdrawn status Lost status Source of classification or shelving scheme Damaged status Not for loan Permanent Location Current Location Shelving location Date acquired Total Checkouts Full call number Barcode Date last seen Price effective from Koha item type
          Pakistan Navy Engineering College (PNEC) Pakistan Navy Engineering College (PNEC)       621.3819 SUD PNECLIB-009917 09/29/2015   Book
          Pakistan Navy Engineering College (PNEC) Pakistan Navy Engineering College (PNEC)       621.3819 SUD PNECLIB-009919 09/29/2015   Book
© 2023 Central Library, National University of Sciences and Technology. All Rights Reserved.